¡Música Maestro! Nuevas propuestas de didáctica musical para el jardín de infantes

Saved in:
書目詳細資料
主要作者: Abadi, Sami
其他作者: Zielonka, Liliana, Kotin, Claudia
格式: 圖書
語言:西班牙语
出版: Buenos Aires Lumen c2001
主題:
標簽: 添加標簽
沒有標簽, 成為第一個標記此記錄!

MARC

LEADER 00000nam a22000005a 4500
003 CL-ChBUA
005 20120815103815.0
008 070706s2001 ag ||||| |||| 000 ||spa
020 |a 9870000703 
040 |a CL-ChBUA  |c CL-ChBUA 
082 0 0 |a 780 
090 |c 21541  |d 21541 
100 1 |a Abadi, Sami 
245 1 0 |a ¡Música Maestro!  |b Nuevas propuestas de didáctica musical para el jardín de infantes 
260 |a Buenos Aires  |b Lumen  |c c2001 
300 |a 127 p.  |b il.  |c 23 cm. 
504 |a Bibl., índice 
650 4 |a MUSICA - ENSEÑANZA 
700 1 |a Zielonka, Liliana 
700 1 |a Kotin, Claudia 
942 |c LIB 
952 |0 0  |1 0  |2 ddc  |4 0  |6 372_000000000000000__2870_445_AB_116_C_1  |7 0  |9 30711  |a UNACH  |b UNACH  |c 300  |d 2007-08-02  |i 40.306  |l 0  |o 372. 2870 445 / Ab 116 c.1  |p 31764  |r 2014-04-15 00:00:00  |u 30711  |w 2012-08-08  |y LIB 
952 |0 0  |1 0  |2 ddc  |4 0  |6 372_000000000000000__2870_445_AB_116_C_1  |7 0  |9 30712  |a UNACH  |b UNACH  |c 300  |d 2007-08-02  |i 41.198  |l 0  |o 372. 2870 445 / Ab 116 c.1  |p 31765  |r 2012-12-27 00:00:00  |u 30712  |w 2012-08-08  |y LIB 
999 |c 21541  |d 21541